Mathmatical methods in chemical engineering / (Record no. 127328)

MARC details
000 -LEADER
fixed length control field 00752nam a22002537a 4500
003 - CONTROL NUMBER IDENTIFIER
control field dpl
005 - DATE AND TIME OF LATEST TRANSACTION
control field 20180625122110.0
008 - FIXED-LENGTH DATA ELEMENTS--GENERAL INFORMATION
fixed length control field 180625b xxu||||| |||| 00| 0 eng d
010 ## - LIBRARY OF CONGRESS CONTROL NUMBER
LC control number A-950984
020 ## - INTERNATIONAL STANDARD BOOK NUMBER
Terms of availability 225.00
International Standard Book Number 8120312627
035 ## - SYSTEM CONTROL NUMBER
System control number A-950984, A-950988
037 ## - SOURCE OF ACQUISITION
Source of stock number/acquisition Cen Lib/Ret
040 ## - CATALOGING SOURCE
Original cataloging agency DPL
Language of cataloging EN
Transcribing agency 0
082 ## - DEWEY DECIMAL CLASSIFICATION NUMBER
Classification number 660
Item number PUS
100 ## - MAIN ENTRY--PERSONAL NAME
Personal name Pushpavanam.S.
9 (RLIN) 20163
245 ## - TITLE STATEMENT
Title Mathmatical methods in chemical engineering /
Statement of responsibility, etc by S.Pushpavanam
260 ## - PUBLICATION, DISTRIBUTION, ETC. (IMPRINT)
Place of publication, distribution, etc New Delhi
Name of publisher, distributor, etc Prentice hall
Date of publication, distribution, etc 1998
270 ## - ADDRESS
Address B-14, Connaught Circus
City New Delhi
Postal code 110001
300 ## - PHYSICAL DESCRIPTION
Extent 327p.
Dimensions 22cm(Hb)
500 ## - GENERAL NOTE
General note Includes index
650 ## - SUBJECT ADDED ENTRY--TOPICAL TERM
Topical term or geographic name as entry element Mathmatics
9 (RLIN) 20164
650 ## - SUBJECT ADDED ENTRY--TOPICAL TERM
Topical term or geographic name as entry element Chemical Engineering
9 (RLIN) 20165
942 ## - ADDED ENTRY ELEMENTS (KOHA)
Source of classification or shelving scheme Dewey Decimal Classification
Koha item type English Books
Classification part 660
Call number suffix PUS
Holdings
Withdrawn status Lost status Damaged status Not for loan Home library Current library Date acquired Source of acquisition Cost, normal purchase price Total Checkouts Full call number Barcode Date last seen Copy number Cost, replacement price Price effective from Koha item type Source of classification or shelving scheme Collection code
        Central Library Central Library 29/06/2015 Cen Lib/Ret 225.00   660 PUS A-950984 29/06/2015 1 225.00 29/06/2015 English Books    
        Shahdara Branch Shahdara Branch 25/06/2018 BPPD/PUB 225.00   660 PUS A-950988 25/06/2018   225.00 25/06/2018 English Books Dewey Decimal Classification Non-fiction

© Delhi Public Library
Hit Counter
free hit counter